UBT Library

California dreams and realities : (Record no. 39351)

000 -LEADER
fixed length control field 00786cam a2200241 a 4500
001 - CONTROL NUMBER
control field 13605329
005 - DATE AND TIME OF LATEST TRANSACTION
control field 20171222081615.0
008 - FIXED-LENGTH DATA ELEMENTS--GENERAL INFORMATION
fixed length control field 040525s2005 mauab b 001 0 eng
010 ## - LIBRARY OF CONGRESS CONTROL NUMBER
LC control number 2004107881
020 ## - INTERNATIONAL STANDARD BOOK NUMBER
International Standard Book Number 0312412894 (pbk.)
040 ## - CATALOGING SOURCE
Original cataloging agency DLC
Transcribing agency DLC
Modifying agency DLC
041 ## - LANGUAGE CODE
Language code of text/sound track or separate title eng
043 ## - GEOGRAPHIC AREA CODE
Geographic area code n-us-ca
080 ## - UNIVERSAL DECIMAL CLASSIFICATION NUMBER
Universal Decimal Classification number 808.0427 MAA
082 00 - DEWEY DECIMAL CLASSIFICATION NUMBER
Classification number 808.0427 MAA
Edition number 22
100 ## - Rafti
Rafti 46
101 ## - Shkurtesa
Shkurtesa EDU
245 00 - TITLE STATEMENT
Title California dreams and realities :
Statement of responsibility, etc [compiled by] Sonia Maasik, Jack Solomon.
504 ## - BIBLIOGRAPHY, ETC. NOTE
Bibliography, etc Includes bibliographical references and index.
906 ## - LOCAL DATA ELEMENT F, LDF (RLIN)
a 7
b cbc
c orignew
d 3
e epcn
f 20
g y-gencatlg
942 ## - ADDED ENTRY ELEMENTS (KOHA)
Source of classification or shelving scheme
Item type Books

No items available.

UBT Library © 2015-2024. All rights reserved University Education for Business and Technology